|
|
|
|
| LEADER |
00000cam a2200000 a 4500 |
| 001 |
vtls010126555 |
| 003 |
SK-MaSNL |
| 005 |
20260301031023.0 |
| 008 |
240315s2010 xo a c 000 0 hun |
| 015 |
|
|
|a SNBA2010/10-05610
|
| 020 |
|
|
|a 9788010019397
|q (brož.)
|
| 035 |
|
|
|a 9B1686D1-E0EF-4855-8E60-261E7427A5E8
|
| 035 |
|
|
|a urn:nbn:sk:snk-amkxug
|
| 035 |
|
|
|a urn:nbn:sk:snk-am0081nq
|
| 040 |
|
|
|a SNK
|b slo
|c SNK
|e AACR2
|
| 041 |
0 |
|
|a hun
|
| 044 |
|
|
|a xo
|c SK
|
| 072 |
|
7 |
|a 811.511.1
|x Ugrofínske jazyky
|2 konspekt
|
| 072 |
|
7 |
|a 37.016
|x Učebné osnovy. Vyučovacie predmety. Učebnice
|2 konspekt
|
| 080 |
|
|
|a 811.511.141
|2 2001
|
| 080 |
|
|
|a (075.2)
|2 2001
|
| 080 |
|
|
|a (076.1)
|2 2001
|
| 100 |
1 |
|
|a Szekeres, Ágnes
|4 aut
|9 66497
|
| 245 |
1 |
0 |
|a Munkafüzet magyar nyelvből a speciális alapiskola 4. osztálya számára
|c Ágnes Szekeres, Mária Zupkó ; [illusztráció Zdenka Vojtková]
|
| 246 |
1 |
1 |
|a Pracovný zošit z maďarského jazyka pre 4. ročník špeciálnej základnej školy s vyučovacím jazykom maďarským
|
| 250 |
|
|
|a 6. kiad.
|
| 260 |
|
|
|a Bratislava
|b Slovenské pedagogické nakladateľstvo - Mladé letá
|c 2010
|
| 300 |
|
|
|a 124 s.
|b ilustr.
|c 29 cm
|
| 500 |
|
|
|a Súbež. názov slov.
|
| 650 |
0 |
7 |
|a maďarčina
|2 SNKPH
|9 1492
|
| 650 |
0 |
7 |
|a Hungarian language
|2 SNKPHeng
|9 266361
|
| 655 |
|
7 |
|a učebnice špeciálnych základných škôl
|2 SNKPH
|9 70204
|
| 655 |
|
7 |
|a pracovné zošity
|2 SNKPH
|9 70188
|
| 655 |
|
7 |
|a Textbooks (elementary specialis)
|2 SNKPHeng
|9 325828
|
| 655 |
|
7 |
|a Activity books
|2 SNKPHeng
|9 302885
|
| 700 |
1 |
|
|a Zupkó, Mária
|4 aut
|9 325829
|
| 700 |
1 |
|
|a Vojtková, Zdena,
|d 1946-
|4 ill
|9 167693
|
| 852 |
|
|
|a Štátna vedecká knižnica v Banskej Bystrici
|
| 919 |
|
|
|a 978-80-10-01939-7
|
| 958 |
|
|
|a HU
|
| 958 |
|
|
|a NM
|
| 968 |
|
|
|d 37
|
| 999 |
|
|
|c 575721
|d 577651
|
| 952 |
|
|
|a SNK
|b SNK
|y PREZ
|7 0
|p 17A0669730
|o snkSB 80042
|i snk2010/18400
|8 0
|0 0
|1 0
|4 0
|d 2010-08-26
|f 1
|l 0
|r 2025-04-29 00:00:00
|w 2026-02-23
|
| 952 |
|
|
|a SNK
|b SNK
|y VYP
|7 0
|p 17A0669731
|o snkSB 80042 D1
|i snk2010/18401
|8 0
|0 0
|1 0
|4 0
|d 2010-08-26
|l 0
|r 2016-06-30 00:00:00
|w 2026-02-23
|